<?xml version="1.0" encoding="UTF-8"?>
<record
    xmlns:xsi="http://www.w3.org/2001/XMLSchema-instance"
    xsi:schemaLocation="http://www.loc.gov/MARC21/slim http://www.loc.gov/standards/marcxml/schema/MARC21slim.xsd"
    xmlns="http://www.loc.gov/MARC21/slim">

  <leader>00821nam a22001697a 4500</leader>
  <controlfield tag="008">120314t        xxu||||| |||| 00| 0 eng d</controlfield>
  <datafield tag="020" ind1=" " ind2=" ">
    <subfield code="a">0749428430</subfield>
  </datafield>
  <datafield tag="050" ind1=" " ind2=" ">
    <subfield code="a">HD69.P75 Y68</subfield>
  </datafield>
  <datafield tag="100" ind1=" " ind2=" ">
    <subfield code="a">Young, Trevor L.</subfield>
  </datafield>
  <datafield tag="245" ind1=" " ind2=" ">
    <subfield code="a">The handbook of project management: a practical guide to effective policies and procedures /</subfield>
    <subfield code="c">Trevor L.Young</subfield>
  </datafield>
  <datafield tag="260" ind1=" " ind2=" ">
    <subfield code="a">London:</subfield>
    <subfield code="b">Kogun Page,</subfield>
    <subfield code="c">c2002.</subfield>
  </datafield>
  <datafield tag="300" ind1=" " ind2=" ">
    <subfield code="a">223 p.:</subfield>
    <subfield code="b">ill.</subfield>
    <subfield code="c">23cm</subfield>
  </datafield>
  <datafield tag="500" ind1=" " ind2=" ">
    <subfield code="a">Includes index</subfield>
  </datafield>
  <datafield tag="505" ind1=" " ind2=" ">
    <subfield code="a">Contents: Introduction -- change and projects -- The Project manager's role -- Starting up your project -- Defining your project -- Planning your project --  Launching your project -- Executing the project work -- Closing your project when using a computer -- Appendix 1: Glossary of terms -- Appendix 2: Further reading.</subfield>
  </datafield>
  <datafield tag="650" ind1=" " ind2=" ">
    <subfield code="b">Management.</subfield>
  </datafield>
  <datafield tag="942" ind1=" " ind2=" ">
    <subfield code="2">lcc</subfield>
    <subfield code="c">BK</subfield>
  </datafield>
  <datafield tag="999" ind1=" " ind2=" ">
    <subfield code="c">648</subfield>
    <subfield code="d">8148</subfield>
  </datafield>
  <datafield tag="952" ind1=" " ind2=" ">
    <subfield code="0">0</subfield>
    <subfield code="1">0</subfield>
    <subfield code="2">lcc</subfield>
    <subfield code="4">0</subfield>
    <subfield code="7">0</subfield>
    <subfield code="a">WIUC-1</subfield>
    <subfield code="b">WIUC-1</subfield>
    <subfield code="c">GEN</subfield>
    <subfield code="d">2012-03-14</subfield>
    <subfield code="l">0</subfield>
    <subfield code="o">HD69.P75 Y68</subfield>
    <subfield code="p">1578/12</subfield>
    <subfield code="r">2012-03-14 00:00:00</subfield>
    <subfield code="t">1</subfield>
    <subfield code="w">2012-03-14</subfield>
    <subfield code="y">BK</subfield>
  </datafield>
  <datafield tag="952" ind1=" " ind2=" ">
    <subfield code="0">0</subfield>
    <subfield code="1">0</subfield>
    <subfield code="2">lcc</subfield>
    <subfield code="4">0</subfield>
    <subfield code="7">0</subfield>
    <subfield code="a">WIUC-1</subfield>
    <subfield code="b">WIUC-1</subfield>
    <subfield code="c">GEN</subfield>
    <subfield code="d">2012-03-14</subfield>
    <subfield code="l">0</subfield>
    <subfield code="o">HD69.P75 Y681</subfield>
    <subfield code="p">1579/12</subfield>
    <subfield code="r">2012-03-14 00:00:00</subfield>
    <subfield code="t">2</subfield>
    <subfield code="w">2012-03-14</subfield>
    <subfield code="y">BK</subfield>
  </datafield>
  <datafield tag="952" ind1=" " ind2=" ">
    <subfield code="0">0</subfield>
    <subfield code="1">0</subfield>
    <subfield code="2">lcc</subfield>
    <subfield code="4">0</subfield>
    <subfield code="7">0</subfield>
    <subfield code="a">WIUC-1</subfield>
    <subfield code="b">WIUC-1</subfield>
    <subfield code="c">GEN</subfield>
    <subfield code="d">2012-03-14</subfield>
    <subfield code="l">0</subfield>
    <subfield code="o">HD69.P75 Y682</subfield>
    <subfield code="p">1580/12</subfield>
    <subfield code="r">2012-03-14 00:00:00</subfield>
    <subfield code="t">3</subfield>
    <subfield code="w">2012-03-14</subfield>
    <subfield code="y">BK</subfield>
  </datafield>
</record>
